00634nam a2200121Ia 45000010005000000080041000050820028000461000054000742450318001282600024004469010027004709990015004974403241024s9999 xx 000 0 und d aRD/344.07/R426o/02-2013 aRepública Dominicana. Ministerio de Educación 0aOrdenanza No. 02-2013, mediante la cual se extiende el período del proceso de reforma curricular articulado e integral, definido en la ordenanza No. 02-2011, en relación a los plazos otorgados para la culminación del proceso de revisión y de actualización curricular para finalizar en diciembre del 2014 bSanto Domingoc2013 a7/9/2016 11:24:23 a.m. c9572d9572